Business Reports in English

Saved in:
Bibliographic Details
Main Authors: Comfort, Jeremy (Author), Revell, Rod (Author), Stott, Chris (Author)
Format: Book
Language:English
Published: Cambridge : Cambridge University Press, 2002
Edition:21st printing
Subjects:
Tags: Add Tag
No Tags, Be the first to tag this record!

MARC

LEADER 00000nam a22000003a 4500
001 stu94951
005 20150617225814.4
008 050706s2002----uk------------------eng-d
020 |a 0 521 27294 7 
040 |a STU  |b slo 
041 0 |a eng 
044 |a uk 
080 |a 811.111 
100 1 |a Comfort, Jeremy  |4 aut 
245 1 |a Business Reports in English 
250 |a 21st printing 
260 |a Cambridge :  |b Cambridge University Press,  |c 2002 
300 |a 90 s 
650 7 |a angličtina  |2 stusub 
700 1 |a Revell, Rod  |4 aut 
700 1 |a Stott, Chris  |4 aut 
996 |b 284M052502  |c M*11683-2  |l MMKN  |s A  |a 24  |w stu94951_0001 
996 |b 284M052501  |c M*11683-1  |l MMKN  |s A  |a 24  |w stu94951_0002